00919nam a2200253 4500003001100000005001700011008004100028020001500069040003900084041000800123082001500131100002200146130009500168245004800263260003900311300002100350490006100371650003100432650004000463650005000503942000700553952009000560999001500650LK-CoMWRAF20231211154540.0231211b2001 |||||||| |||| 00| 0 eng d a9555820066 aLK-CoMWRAFdLK-CoMWRAFeLK-CoMWRAF aeng a305.8bKRI aKrishna, Sankaran aA history of ethnic conflict in Sri Lanka: recollection, reinterpretation & reconciliation aIndia's role in Sri Lanka's ethnic conflict aColombo: bMarga institute, c2001 a 14 p. ; 23 cm.  aMarga monograph series on ethnic reconciliation vno. 3 aEthnic conflict- Sri Lanka aIndia- Foreign relations- Sri Lanka aTamil (Indic people)- Politics and government cBK 00104070aMAINbMAINd2023-12-11l0o305.8 KRIpRAF4520r2023-12-11w2023-12-11yBK c4346d4346